Najlepsi strzelcy polskich klubów w europejskich pucharach - Statystyki

Ogólne statystyki
  • Ten quiz został rozwiązany 42 razy
  • Średni wynik to 6 z 13
Statystyki odpowiedzi
Gole Kluby Odpowiedż % Poprawnych
30 Górnik Zabrze Włodzimierz Lubański
86%
22 Wisła Kraków, Jagiellonia Białystok Tomasz Frankowski
83%
15 Jagiellonia Białystok Afimico Pululu
75%
25 Lech Poznań, Wisła Kraków Maciej Żurawski
72%
31 Lech Poznań Mikael Ishak
72%
12 Wisła Kraków Paweł Brożek
58%
18 Legia Warszawa Miroslav Radović
53%
13 Jagiellonia Białystok Jesus Imaz
50%
15 Legia Warszawa Michał Kucharczyk
28%
12 Lech Poznań, Widzew Łódź, Amica Wronki Jacek Dembiński
22%
13 Zagłębie Wałbrzych, Śląsk Wrocław Tadeusz Pawłowski
11%
12 Amica Wronki Grzegorz Król
8%
14 Legia Warszawa Jan Pieszko
3%
Nie znaleziono quizów pasujących do podanych kryteriów
Rozkład punktacji
Procent ludzi z każdym wynikiem
Percentyl według liczby udzielonych odpowiedzi
Twoja historia wyników
Nie rozwiązałeś tego quizu